000 00728nam a2200217Ia 4500
003 GCL
008 140319s9999 xx 000 0 ara d
040 _aGCL /
_cGCL
082 0 4 _a615.905
_bم ا
100 1 _aمصطفى عبداللطيف كامل
245 1 0 _aالاسعاف والعلاج فى حوادث التسمم المنزلى (كتاب لكل بيت) /
_cمصطفى عبداللطيف كامل
260 _a[S.N] :
_bمكتبة القاهرة الحديثة ،
_c1965
490 _a
650 0 4 _aالرعاية الصحية
650 0 4 _aالاسعافات الاولية
650 0 4 _aالعلاج
650 0 4 _aالسموم
650 0 4 _aالحوادث
650 0 4 _aالاسعاف
942 _2ddc
_cBK
999 _c55705
_d55705